New Zealand / (Record no. 5824)

MARC details
000 -LEADER
fixed length control field 00764nam a22002537a 4500
001 - CONTROL NUMBER
control field 5824
003 - CONTROL NUMBER IDENTIFIER
control field FISKH
005 - DATE AND TIME OF LATEST TRANSACTION
control field 20250123121510.0
008 - FIXED-LENGTH DATA ELEMENTS--GENERAL INFORMATION
fixed length control field 250123b cb ||||| |||| 00| 0 eng d
020 ## - INTERNATIONAL STANDARD BOOK NUMBER
International Standard Book Number 0333414632
040 ## - CATALOGING SOURCE
Original cataloging agency FISKH
Language of cataloging eng
Transcribing agency FISKH
Modifying agency FISKH
050 ## - LIBRARY OF CONGRESS CALL NUMBER
Classification number DU408.H68
082 ## - DEWEY DECIMAL CLASSIFICATION NUMBER
Classification number 993
100 ## - MAIN ENTRY--PERSONAL NAME
Personal name Houghton, Graham
245 ## - TITLE STATEMENT
Title New Zealand /
Statement of responsibility, etc. By Graham Houghton & Julia Wakefield
250 ## - EDITION STATEMENT
Edition statement First published 1986
260 ## - PUBLICATION, DISTRIBUTION, ETC.
Place of publication, distribution, etc. Melbourne :
Name of publisher, distributor, etc. The Macmilan Company ,
Date of publication, distribution, etc. 1986.
300 ## - PHYSICAL DESCRIPTION
Extent 29 pages :
Other physical details color illustrations ;
Dimensions 26 cm .
520 ## - SUMMARY, ETC.
Summary, etc. This book is about the history and geography of New Zealand.
650 ## - SUBJECT ADDED ENTRY--TOPICAL TERM
Topical term or geographic name entry element New Zealand
General subdivision Juvenile literature
700 ## - ADDED ENTRY--PERSONAL NAME
Personal name WAkefield, Julia
Relator term author
942 ## - ADDED ENTRY ELEMENTS (KOHA)
Source of classification or shelving scheme Dewey Decimal Classification
Koha item type Books
Suppress in OPAC No
Holdings
Withdrawn status Lost status Source of classification or shelving scheme Damaged status Not for loan Collection Home library Current library Shelving location Date acquired Total Checkouts Full call number Barcode Date last seen Price effective from Koha item type
    Dewey Decimal Classification     Non-Fiction Footprints International School Library Network Toul Kork Campus Footprints International School Library Network Toul Kork Campus TTP Secondary Non-Fiction Bookshelves 01/23/2025   HOU 993 DU408.H68 FIS01174 01/23/2025 01/23/2025 Books